[Event "Abakan op"]
[Site "Abakan"]
[Date "2013.12.07"]
[Round "8"]
[White "Prokhorov, Vladislav"]
[Black "Uskov, Nikita"]
[Result "1-0"]
[WhiteElo "1754"]
[BlackElo "1833"]
[PlyCount "101"]
[EventDate "2013.11.30"]
[EventType "swiss"]
[EventRounds "9"]
[EventCountry "RUS"]
[SourceTitle "EXT 2015"]
[Source "ChessBase"]
[SourceDate "2014.11.20"]
[SourceVersion "1"]
[SourceVersionDate "2014.11.20"]
[SourceQuality "1"]

1. d4 Nf6 2. c4 e6 3. Nc3 d5 4. Bg5 c6 5. cxd5 exd5 6. Nf3 Be7 7. e3 0-0 8. Bd3 h6 9. Bh4 Nbd7 10. 0-0 Ne4 11. Bxe7 Qxe7 12. Nd2 f5 13. Qc2 Ndf6 14. f3 Nxc3 15. bxc3 Qxe3+ 16. Kh1 Qe7 17. Rae1 Qd6 18. Re5 Be6 19. Rfe1 Rae8 20. Bxf5 Bxf5 21. Qxf5 Rxe5 22. Qxe5 Qxe5 23. Rxe5 Kf7 24. f4 Re8 25. Kg1 Re6 26. h3 Nd7 27. Rxe6 Kxe6 28. g4 g6 29. Nf3 h5 30. Ne5 hxg4 31. hxg4 Nf6 32. Kg2 c5 33. Kf3 cxd4 34. cxd4 g5 35. fxg5 Ng8 36. Kf4 b5 37. g6 a5 38. g7 a4 39. Nc6 Kf6 40. Nb4 Kxg7 41. Nxd5 Nf6 42. Nb4 Kf7 43. g5 Nh5+ 44. Ke5 Kg6 45. d5 Kxg5 46. d6 Nf6 47. Ke6 Ne4 48. Kd5 Nc3+ 49. Kc6 Kf6 50. d7 Ke7 51. Kc7 1-0